| 000 | 02925nam a22002417a 4500 | ||
|---|---|---|---|
| 003 | UPN | ||
| 005 | 20230307063600.0 | ||
| 008 | 230306s2019 sp| |||fr|||| 000 0 spa d | ||
| 020 | _a9788490978368 | ||
| 040 |
_aMX-MxUPN _bspa |
||
| 050 | 4 |
_aHV6250.4 W65 _bV567 2019 |
|
| 245 | 0 | 0 |
_aViolencias de género : _bpersistencia y nuevas formas |
| 260 |
_aMadrid : _bCatarata, _c2019 |
||
| 300 | _a191 páginas | ||
| 490 | 0 |
_aLos libros de la catarata : _v744 |
|
| 505 | 0 | 0 |
_tViolencia de género como crimen ontológico / _rTeresa Portas Pérez .-- _tLa prevalencia de la violencia de género y sus consecuencias laborales y/o productivas : una valoración de sus costes para España. -- _rMaría Teresa Gallo Rivera, Elena Mañas Alcón, Luis Felipe Rivera Galicia y Rubén Garrido Yserte. -- _tAnálisis de las medidas de protección para las víctimas de violencia doméstica y de género / _rAlmudena Valiño.-- _tLa ausencia del principio feminista en la aplicación de la legalidad e interpretación judicial sobre violencia de género / _rMaría Macías Jara.-- _tEl sexting no consentido como forma de violencia contra la mujer : abordaje jurídico en México y Colombia / _rClara Chacón Castaño .-- _tMujer e imagen en clave de género / _rJulia Ammerman Yebra .-- _tFeminismo y activismo hashtag : el alcance e impacto del movimiento #Metoo / _rMaría Currós Espiño. -- _tUnidades residenciales en los centros de acogida para víctimas de violencia de género / _rSelina Ugarte Fidalgo, Paula Vázquez García, Isora Pérez Rodríguez, María Carreiro Otero, Cándido López González.. _tRecuperación emocional de mujeres víctimas de violencia de género durante su paso por una casa de acogida / _rMaría del Carmen Vera Esteban y María Cristina Cardoná Moltó. -- _tLa voz de las mujeres en contextos de violencia sociopolítica / _rDiana Morela Escobar Arias .-- _tDidáctica de la educación emocional : pongámosle fin para tener un principio : nuestras emociones también importan / _rLucía Casal de la Fuente, Melchora Isabel Pardo de Guevara, Ángela Sánchez Castro, Sara Vilas Queiruga y Andreina Idimar Villanueva Nunes. -- _tElementos integradores de la perspectiva de género en las guías docentes del grado en educación social / _rMa. Alicia Arias-Rodríguez, Ana Sánchez-Bello y Juan José Lorenzo- Castiñeiras. -- _tOceanógrafas : saliendo del profundo y desconocido océano / _rMaría A. Lorenzo Rial, Francisco Javier Álvarez Lires, Azucena Arias Correa, Tamara Amorín de Abreu y José Francisco Serrallé Marzoa.-- _tFomentando la perspectiva de género en la docencia de la Universidad de Santiago de Compostela / _rEva Aguayo. |
| 650 | 0 |
_aViolencia contra las mujeres _zEspaña _913132 |
|
| 650 | 7 |
_946764 _aIncorporación de la perspectiva de género |
|
| 700 | 1 |
_948072 _aLópez Díaz, Ana Jesús _eeditora |
|
| 902 | _aVíctorGodínez/060323 | ||
| 942 |
_2lcc _cLIBRO |
||
| 999 |
_c209259 _d209259 |
||